LEADER 00962nam a2200253 i 4500 001 000000078830 003 CaOOAMICUS 005 20130822000000.0 008 130822s1960 it u000 u ita u 013 $a51067 040 $aSeMil$bita 100 1 $aSoleri, Giacomo.$0(OLS)http://semarc/name/38386 245 10$aEconomia e morale. Storia e teoria del problema /$cGiacomo Soleri. 260 $aTorino :$bBorla,$c1960. 300 $a381 p. ;$c22 cm. 490 0 $aConvergenze 500 $aContiene : Bibliografia. 650 4$aEconomia e morale.$0(OLS)http://semarc/subject/6595 830 0$aConvergenze.$0(OLS)http://semarc/title/22905 850 $aSeMil 852 $aSeMil$W1$xVenegono$y1$m2E IV 401$j44635$B44635$CSeMilBibl$Z2$F46426 $81 961 $aRecupero: Seminario di Seveso 996 $6245$aEconomia e morale. Storia e teoria del problema$9(OLS)http://semarc/title/127008 996 $6260$aTorino :$bBorla$9(OLS)http://semarc/publisher/29913 LEADER 01556nam a2200277 i 4500 001 000000023612 003 CaOOAMICUS 005 20190924143630.0 008 180830s1962 it u000 u ita u 040 $aSeMil$bita 245 10$aEducare :$bsommario di scienze pedagogiche /$c[scritti di] P. Braido ... [et al.] ; a cura di P. Braido. 250 $a3. ed. 260 $aZürich :$bPAS Verlag,$c1962-1964. 300 $a3 v. ;$c25 cm. 650 4$aPedagogia - Manuali.$0(OLS)http://semarc/subject/3692 650 4$aCatechesi.$0(OLS)http://semarc/subject/3693 650 4$aPedagogia - Ricerche - Metodo.$0(OLS)http://semarc/subject/3694 650 4$aPedagogia - Insegnamento.$0(OLS)http://semarc/subject/3695 700 1 $aBraido, Pietro,$c.$0(OLS)http://semarc/name/4486 774 0 $tStoria, filosofia e metodologia dell'educazione.$b3. ed.$dZürich : PAS Verlag, 1962.$kEnciclopedia delle scienze dell'educazione$gVol.1$w()38199 774 0 $tMetodologia della ricerca positiva psico-pedagogica.$b3. ed.$dZürich : PAS Verlag, 1963.$kEnciclopedia delle scienze dell'educazione$gVol.2$w()38200 774 0 $tFondamenti psicopedagogici della catechesi.$b3. ed.$dZürich : PAS Verlag, 1964.$kEnciclopedia delle scienze dell'educazione$gVol.3$w()38201 830 0$aEnciclopedia delle scienze dell'educazione.$0(OLS)http://semarc/title/7575 996 $6245$aEducare :$bsommario di scienze pedagogiche$9(OLS)http://semarc/title/31669 996 $6260$aZürich :$bPAS Verlag$9(OLS)http://semarc/publisher/29699